| 000 | 00585nam a2200181 i 4500 | ||
|---|---|---|---|
| 001 | 20359 | ||
| 003 | ES-MaACL | ||
| 005 | 20230906152302.0 | ||
| 007 | t| | ||
| 008 | 021112s1986 sp |||| | spa d | ||
| 020 | _a84-398-5609-1 | ||
| 100 | 1 |
_aAguilar Olivencia, Mariano. _918741 |
|
| 245 | 1 | 3 |
_aEl ejército español durante la Segunda República _b: claves de su actuación posterior / _cMariano Aguilar Olivencia. |
| 260 |
_aMadrid : _bEconorte, _c[1986] |
||
| 300 |
_a556 p. ; _c24 cm. |
||
| 650 | 0 | 4 |
_aFuerzas armadas- _zEspaña- _y1931-1939. _912999 |
| 852 |
_aES-MaACL _jL-12292 |
||
| 999 |
_c20359 _d20359 |
||